000 00587nam a2200181Ia 4500
008 090124s9999 xx 000 0 und d
082 _b21914
_a2609
100 _aमिराशी वा. वि.
245 _a संशोधनमुक्तावली 4 था
250 _a1
260 _c1961
300 _a220
600 _aमिराशी वा. वि.
630 _a संशोधनमुक्तावली 4 था
700 _aमिराशी वा. वि.
730 _a संशोधनमुक्तावली 4 था
942 _cBOOK
999 _c135561
_d135561